[Event "Biel GM"]
[Site "Biel"]
[Date "2005.07.18"]
[Round "2"]
[White "Volokitin, Andrei"]
[Black "Nakamura, Hikaru"]
[Result "1/2-1/2"]
[WhiteElo "2671"]
[BlackElo "2660"]
[Annotator "Mikhalevski,V"]
[PlyCount "82"]
[EventDate "2005.07.17"]
[EventType "tourn"]
[EventRounds "10"]
[EventCountry "SUI"]
[EventCategory "16"]
[SourceTitle "CBM 108"]
[Source "ChessBase"]
[SourceDate "2005.09.26"]
[SourceVersion "1"]
[SourceVersionDate "2005.09.26"]
[SourceQuality "1"]

1. e4 e5 2. Nf3 Nc6 3. Bb5 a6 4. Ba4 Nf6 5. O-O Nxe4 6. d4 b5 7. Bb3 d5 8. dxe5
Be6 9. Nbd2 Nc5 10. c3 d4 $5 {The key-line of the Open variation of The Ruy
Lopez.} 11. Bxe6 {Since 11. Ng5 proved to be insufficient for obtaining
advantage White switched to this less ambitious line.} (11. Ng5 {doesn't
promise more than an equal rook endgame:} Qxg5 12. Qf3 O-O-O 13. Bxe6+ fxe6 14.
Qxc6 Qxe5 15. b4 Qd5 16. Qxd5 exd5 17. bxc5 dxc3 18. Nb3 d4 19. Ba3 g6 $1 20.
Bb4 Bg7 21. a4 d3 $1 {This brilliant idea of Gymesi allows Black to equalize.}
22. axb5 d2 23. bxa6 ({An attempt to improve upon White's play with} 23. c6 $2
{is dubious in view of} Kb8 {See Shirov,A-Anand,V Maintz(rapid) 2004/CBM103 
[Postny].}) 23... c2 24. Nxd2 Bxa1 25. Rxa1 Rhe8 26. Rc1 Re4 27. Bc3 Rc4 28.
Rxc2 Rd3 29. Rb2 $1 Rcxc3 30. a7 Ra3 31. Rb8+ Kd7 32. a8=Q Rxa8 33. Rxa8 Rxd2
34. g4 Kc6 $11 {1/2-1/2 Morozevich,A-Ponomariov,R/Biel SUI 2004/The Week in
Chess 508 (41). (40)}) 11... Nxe6 12. cxd4 Ncxd4 13. a4 $1 {For the moment
this is the only try to create some problems.} Bb4 $1 {A modern way to deal
with this line.} ({Black also tested} 13... Bc5) ({and} 13... Be7) 14. axb5
Nxb5 $1 {Although the knight on b5 is not great and the a6 and c7-pawns are
potential weaknesses White didn't find a clear way for advantage.} (14... Nxf3+
$6 {is dangerous as Black doesn't have time for castling.} 15. Nxf3 axb5 16.
Rxa8 Qxa8 17. Ng5 $1 Qc6 ({The main problem of 14...Nxf3 is that after} 17...
Nxg5 18. Bxg5 O-O 19. Qg4 $18 {[%csl Rb4][%cal Gg5f6] Black can't protect both
the bishop and the king.}) 18. Qg4 Qc4 19. Qf5 Nd8 20. Rd1 Qc6 (20... Be7 21.
Be3 Qc6 22. Rxd8+ {[%csl Rf7,Rh8][%cal Gg5f7] 1-0 Ganguly,S-Iuldachev,S/Dhaka
BAN 2005/The Week in Chess 545 (22)}) 21. Nxh7 (21. Be3 $1 $16 {[%csl Rf7]
[%cal Gd1d8] and White wins at least a pawn.}) 21... Be7 22. Qh5 $2 {1/2-1/2
Kramnik,V-Shirov,A/Monte Carlo MNC 2005/The Week in Chess 541 (30). (30)}) 15.
Qb3 (15. Qa4 $5 $146 {can be found in Svidler,P-Sokolov,I, Corus Wijk aan Zee
2005/CBM 105 [Finkel,A]}) (15. Ne4 $146 {occuried in the game Shirov,A-Anand,V,
Mainz m rapid 2004/CBM103[Postny]}) 15... a5 (15... Be7 $2 {Black can't move
the bishop in view of} 16. Rxa6 $1 $16 {[%csl Rb5]}) 16. Qc4 Nbd4 {Playing
this way Black agrees with the fact that he loses a right to castle.} 17. Nxd4
Qxd4 18. Qc6+ {[%csl Ra8,Re8]} Ke7 {The only move.} 19. Nf3 Qd7 20. Qc2 h6 $5
$146 {[%csl Rg5] Nakamura comes with a new idea. He covers the g5-square.
Despite having a worse pawn structure and the king on e7 Black's position is
rather solid. His strong minor pieces: a nice knight on a good blockade square
e6 and a bishop on b4 supported by the a-pawn allow Black to hope for
equalization.} ({The only earlier game saw a quick draw after} 20... Rad8 21.
Bg5+ {White forces an exchange of the strong knight.} Nxg5 22. Nxg5 Qd3 $1 {
Sacrificing a pawn for initiative.} 23. Qxc7+ Rd7 24. Qc6 Qd5 25. Rac1 h6 26.
Nf3 {1/2-1/2 Azarov,S-Mamedyarov,S/Nakhchivan AZE 2003/The Week in Chess 452 
(26). and a draw was agreed in view of a clear superiority of the bishop over
the knight, which compensates a pawn.}) 21. Rd1 Qb5 22. Nd4 $1 {A correct idea.
White has to trade the strong e6-knight.} Nxd4 23. Rxd4 (23. Qxc7+ {seems to
lead to a beautiful perpetual check.} Ke6 24. Rxd4 Rac8 $1 {Black has to keep
the other rook on the h-file in order to control the Bxh6-sacrifice.} (24...
Rhc8 $6 {is dangerous in view of} 25. Rd6+ Bxd6 26. Qxd6+ Kf5 27. Bxh6 $1 {
[%csl Rf5]} Rc6 (27... gxh6 $2 {loses on the spot:} 28. Qf6+ Ke4 29. Re1+ Kd3
30. Qd6+ Kc2 (30... Kc4 31. Rc1+ Kb3 32. Qa3#) 31. Qd1+ Kxb2 32. Qb1+ Kc3 33.
Qxb5 $18) 28. Qe7 $1 {[%csl Rf5] and Black experiences serious problems with
the king.}) 25. Rd6+ $1 (25. Qa7) 25... Bxd6 26. Qxd6+ Kf5 27. h3 $1 Rhd8 28.
g4+ Ke4 29. f3+ $1 Kxf3 30. Ra3+ Ke4 (30... Ke2 $4 31. Re3#) 31. Re3+ Kf4 32.
Rc3+ $1 Ke4 33. Re3+ $11 {and neither side can avoid repetition of moves.})
23... Rhd8 $1 {I believe this idea was prepared by Nakamura at home. Black
sacrifices a pawn. but forces a number of exchanges and in the arisen endgame
Black has compensation for a pawn thanks to a strong bishop on b4.} 24. Qxc7+
Rd7 25. Rxd7+ Qxd7 26. Qc2 $1 ({After} 26. Qxd7+ Kxd7 {[%cal Ga8c8,Gc8c2,Gd7e6]
} 27. f4 Rc8 28. Kf2 Rc2+ 29. Kf3 Ke6 {activity of the black pieces
compensates a pawn.}) 26... Rd8 27. Be3 Qd3 28. Qxd3 (28. Qc1 Rd5 29. f4 {
doesn't look like play for a win since all white pieces are very passive.})
28... Rxd3 {[%cal Gd3b3] Now a combined attack of the e5 and b2-pawns doesn't
allow White to make progress.} 29. Kf1 Rb3 30. Bd4 Ke6 31. Ke2 g5 $1 {Black
prevents f4 and thus discannects the e-pawn for the other pawns of the
kingside.} 32. Rd1 Kd5 {[%csl Rb2,Re5] Now Black is simply waiting with the
king on the e6 and d5-squares} 33. Bc3+ Ke6 34. Bd4 Kd5 35. Rd3 {The only way
to deal with the annoying rook on b3 is to exchange it, however the arising
bishop endgames is equal.} Rxd3 36. Kxd3 a4 $1 {A very important move.
Otherwise White would fix the a5-pawn on the dark square by means of b3.} 37.
f3 h5 38. Be3 Be7 39. Bd4 Bb4 40. Be3 Be7 41. Bd4 Bb4 {White can't make
progress and so a draw was agreed. The line deserves further tests as I
believe there is a room for improvements.} 1/2-1/2

[Event "Bundesliga 0506"]
[Site "Germany"]
[Date "2005.12.11"]
[Round "6.2"]
[White "Almasi, Zoltan"]
[Black "Sokolov, Ivan"]
[Result "1/2-1/2"]
[WhiteElo "2640"]
[BlackElo "2696"]
[Annotator "Mikhalevski,V"]
[PlyCount "68"]
[EventDate "2005.10.21"]
[EventType "team-tourn"]
[EventRounds "15"]
[EventCountry "GER"]
[SourceTitle "CBM 111"]
[Source "ChessBase"]
[SourceDate "2006.04.04"]
[SourceVersion "1"]
[SourceVersionDate "2006.04.04"]
[SourceQuality "1"]
[WhiteTeam "Kreuzberg"]
[BlackTeam "Porz"]
[WhiteTeamCountry "GER"]
[BlackTeamCountry "GER"]

1. e4 e5 2. Nf3 Nc6 3. Bb5 a6 4. Ba4 Nf6 5. O-O Nxe4 6. d4 b5 7. Bb3 d5 8. dxe5
Be6 9. Nbd2 Be7 {A relatively rare line, introduced by Max Euwe, which
sometimes transposes to the main line. See below.} (9... Nc5 {is the main line.
}) 10. Nxe4 {An attempt to exploit Black's last move. In this line White
sacrifices a pawn for longlast initiative and hopes to win it back with
dividends.} (10. c3 Nc5 11. Bc2 {transposes to 9...Nc5.}) 10... dxe4 11. Bxe6
fxe6 12. Ng5 {[%csl Re4,Re6] Attacking both the e4 and e6 pawns White forces
exchange of Black's dark-squared bishop.} Qd5 {This is more precise than
Eiwe's 12..Bxg5.} ({In the origin game Black played} 12... Bxg5 {at once.} 13.
Qh5+ g6 14. Qxg5 O-O ({Certainly not} 14... Qxg5 $2 15. Bxg5 Nxe5 $4 16. Bf6
$18 {[%csl Re5,Rh8]}) 15. Qg4 Qd5 16. Bh6 ({After} 16. Bg5 {the game would
transpose to 12..Qxd5, but this time White has a choice, while in the
above-mentioned line the bishop is already on g5. So a simple comparison makes
it clear that it's better to start with 12...Qxd5.}) 16... Nxe5 (16... Rf5 $5)
17. Qe2 (17. Qh4 $5) 17... Rf5 18. Rad1 Qc6 $11 (18... Qc4 $1) 19. Rd4 $140 Nf7
{[%cal Gf7d6] 0-1 Von Gelder-Euwe,M/Amsterdam 1920/EXT 2002 (33)}) 13. Qh5+ g6
14. Qg4 {From here the queen attacks both the e6 and e4-pawns and thus forces
exchange on g5.} ({Almasi already faced this line earlier. That time he played
} 14. Qh3 Nd4 15. c3 Nf5 $6 (15... Ne2+ $1 {wins a piece.} 16. Kh1 Nxc1 17.
Nxe6 Kf7 18. Nxc7 Qc4 19. Raxc1 Qxc7 20. f4 {[%cal Gf4f5] yields White some
compensate for a piece. Probably Hungarian Gm wasn't satisfied with this
position and so he played 14.Qg4.}) 16. Re1 (16. Qg4 $5) 16... Bxg5 17. Bxg5
Qxe5 18. Rad1 $14 {[%csl Re4,Re8] 1-0 Almasi,Z-Unzicker,W/Germany 1997/GER-chT
(31)}) 14... Bxg5 (14... Nxe5 {leads to a better for White ending after} 15.
Nxe6 $1 {[%csl Rd5,Re8][%cal Ge6c7]} Kd7 16. Nf4+ $1 Nxg4 17. Nxd5 $14 {
[%csl Rd7,Re4]}) 15. Bxg5 Nxe5 (15... O-O {allows penetration of a white rook
to d7.} 16. Rad1 Qxe5 17. Rd7 h5 18. Qh4 Nd4 19. Be3 Nf5 20. Qg5 Qf6 21. Qf4
$14 {[%csl Rc7,Re4,Re6]}) 16. Qg3 (16. Qf4 {trying to prevent short castling
is senseless since Black anyway plays} Nf7 $1) 16... Nf7 {[%cal Gf7d6] The
knight goes to d6 in order to support the e4-pawn.} 17. Bf6 ({Ivanchuk played} 
17. Be3 {[%csl Rc5] and obtained some advantage after} e5 (17... O-O $5) 18.
Rfd1 Qc6 19. Rd2 O-O 20. Rad1 Rae8 (20... Rad8 21. Rxd8 Rxd8 22. Rxd8+ Nxd8 23.
Qxe5 $14) 21. b4 Nd6 22. Bc5 Rf6 23. Rd5 Nf7 24. Qe3 Qe6 25. Qxe4 $16 {1/2-1/2
Ivanchuk,V-Shirov,A/Monte Carlo MNC 2005 (57) , but Black's play can be
improved.}) 17... O-O 18. Rad1 Qf5 ({Black also tested} 18... Qc6 {which looks
passive.} 19. Bc3 Rae8 20. Rfe1 e5 21. Re2 Re6 (21... b4 $1 $15) 22. Rde1 Nd6
23. Bxe5 $14 {1/2-1/2 Rowson,J-Condie,M/Scotland 1994/EXT 98 (62)}) ({I see
nothing wrong with} 18... Qxa2 {although it looks dangerous.} 19. Rd7 e5 {
[%csl Rd7,Rf6][%cal Ga2e6]} 20. Qxe5 (20. Qh3 Rfe8 $1 21. Rxc7 Qe6 $1 $11) (20.
Qh4 Qxb2 21. Qh6 (21. Re7 Rfe8 22. Bxe5 Qxe5 23. Rxe5 Rxe5 $13) 21... Nxh6 22.
Rg7+ Kh8 23. Rf7+ $11) 20... Nxe5 21. Rg7+ Kh8 22. Rf7+ $11 {with perpetual.})
19. Bc3 {Only this move turns out to be a novelty and probably not the best
one.} ({In the only preceding game White played} 19. Be7 $1 {, which I believe
is the only way to fight for opening advantage.} Rfc8 (19... Rfe8 $5 20. Rd7 (
20. Qxc7 Rac8 21. Qb7 Rxc2 $13) 20... e5 21. Rfd1 $14) 20. b4 {[%csl Rc5]} (20.
Rfe1 $5 {[%csl Re4]}) 20... Ne5 (20... a5 $5) 21. Rfe1 Re8 (21... a5 $5) 22.
Qh4 Nc6 $2 (22... a5 $142 23. a3 Qg4) 23. Bf6 $14 {1-0 Geller,E-Unzicker,W/
Bern 1987/EXT 97 (34)}) 19... c5 {[%cal Gb5b4] Black improves his pawn
structure on the queenside and prepares b4. He's by no means worse anymore.}
20. b3 {White wants to keep his bishop on a long diagonal.} Rad8 {[%cal Gd8d5]
Black prepares doubling of rooks. So} 21. Qe3 {[%csl Rc5]} Rxd1 ({When white
queen attacks c5} 21... Rd5 {is not so effective as after} 22. Rxd5 {Black
can't take back with a pawn.} Qxd5 $11) 22. Rxd1 Rd8 23. Re1 $1 {White needs a
rook to attack the e4-pawn.} (23. Rxd8+ Nxd8 24. Qh6 e5 25. Qd2 Nf7 $15) 23...
b4 24. Bb2 Rd5 {[%cal Gf7d6] A correct move. Before bringing the knight to d6
Black improves a position of his rook.} 25. h3 {[%cal Ge3e4]} Nd6 {Finally
Black consolidated his position. Now he enjoys an extra pawn, however weakness
of the e-pawns yields White sufficient compensation.} 26. a3 Qg5 $1 {A
necessary exchange of queens.} (26... a5 $6 {allows counterplay from the
queenside.} 27. axb4 axb4 ({or} 27... cxb4 28. Qb6) 28. Ra1) 27. Qxg5 ({
White can't keep the queens by means of} 27. Qe2 {in view of} Qd2 $1) 27...
Rxg5 28. axb4 cxb4 29. Ra1 a5 30. c4 $1 {White forces exchange of the
queenside pawns, which leads to a full equality.} bxc3 31. Bxc3 Nb7 32. b4 axb4
33. Bxb4 Rb5 34. Bc3 e5 (34... e5 {and a draw was agreed in view of the
following.} 35. Ra8+ Kg7 (35... Kf7 36. Rh8 h5 (36... Kg7 37. Re8) 37. Bxe5
Rxe5 38. Rh7+ $11) 36. Re8 Kf6 37. Rf8+ Ke7 ({or} 37... Ke6 38. Re8+ Kd6 39.
Kf1 {and Black can't make progress.}) 38. Rh8 h5 39. Bxe5 Rxe5 40. Rh7+ Kf6 41.
Rxb7 $11) 1/2-1/2

[Event "Lee Cup 4th"]
[Site "Beijing"]
[Date "1997.08.27"]
[Round "4"]
[White "Wang, Zili"]
[Black "Karaklajic, Nikola"]
[Result "1-0"]
[WhiteElo "2520"]
[BlackElo "2380"]
[Annotator "Mikhalevski,V"]
[PlyCount "149"]
[EventDate "1997.08.23"]
[EventType "swiss"]
[EventRounds "11"]
[EventCountry "CHN"]
[SourceTitle "CBM 061"]
[Source "ChessBase"]
[SourceDate "1997.11.23"]
[SourceVersion "1"]
[SourceVersionDate "1997.11.23"]
[SourceQuality "1"]

1. e4 e5 2. Nf3 Nc6 3. Bb5 a6 4. Ba4 Nf6 5. O-O Nxe4 6. d4 b5 7. Bb3 d5 8. dxe5
Be6 9. Nbd2 Bc5 10. Nxe4 dxe4 11. Ng5 Qxd1 12. Rxd1 Bxb3 13. axb3 O-O (13...
Bb6 14. Nxe4 Nxe5 (14... Nd4 15. Bg5 O-O 16. Rd2 Nc6 17. Nc3 Bd4 18. Bf4 Rfe8
19. Kf1 Kf8 20. e6 fxe6 21. Bxc7 e5 22. Rb1 Bxc3 23. bxc3 Ra7 24. Bb6 Rb7 25.
Bc5+ Kf7 26. Rbd1 Rc8 27. Rd7+ Rxd7 28. Rxd7+ Kg8 29. Ke2 Nd8 30. Bd6 Nc6 31.
b4 h6 32. Kd3 Kh7 33. Ke4 Kg6 34. Bc7 Nb8 35. Rd6+ Kf7 36. Bxb8 Rxb8 37. Rxa6
Rc8 38. Kd3 e4+ 39. Kd2 Rd8+ 40. Kc1 Rd5 41. c4 bxc4 42. Rc6 Rf5 43. Rxc4 Rxf2
44. Rxe4 Rxg2 45. b5 Rxh2 46. b6 Rh1+ 47. Kb2 Rd1 48. c4 Rd8 49. c5 Rb8 50. Kc3
g5 51. Rc4 {1-0 Wang Zili-Kolev,A/Moscow olm 1994/EXP 44}) 15. Bf4 Ng6 16. Be3
O-O 17. Bxb6 cxb6 18. f3 b4 19. Nd6 Rfd8 20. Kf2 Kf8 21. Nc4 Rdc8 22. Rd6 b5
23. Ne3 a5 24. Rd5 Rcb8 25. Rd4 Ne7 26. Rd7 {1/2-1/2 Smirin,I-Khalifman,A/
Novosibirsk 1995/CBM 50}) 14. Nxe4 Bd4 (14... Bb6 15. Be3 Bxe3 16. fxe3 Nxe5
17. h3 f6 18. Nc5 a5 19. Kf2 Rfd8 20. Rxa5 Rxd1 21. Rxa8+ Kf7 22. Ra7 Rd2+ 23.
Kg3 Rxc2 24. Rxc7+ Kg6 25. Ne6 Rxb2 26. Rxg7+ Kh6 27. Rg8 Rxb3 28. Nd4 Rb2 29.
Nf5+ {Tyomkin,D-Rapoport,E/ISR-ch 1996/CBM 56/[Baburin]/1-0 (53)}) 15. e6 (15.
c3 Bxe5 16. f4 f5 17. fxe5 fxe4 18. Rd5 Rae8 19. Rc5 Nxe5 20. Rxc7 Ng4 21. h3
e3 22. hxg4 e2 23. Be3 Rxe3 24. Re1 Rf4 25. Rc6 Rxg4 26. Rxa6 b4 27. Ra4 h5 28.
Rxb4 Rxb4 29. cxb4 Rxb3 {Jonsson,B-Gretarsson,H/Reykjavik op 1993/EXT 93op/1/
2-1/2 (46)}) 15... fxe6 16. c3 Bb6 17. Be3 Rfd8 (17... Bxe3 18. fxe3 a5 19. Nc5
(19. Rd7 $6 Rf7 20. Rxf7 (20. Rad1 Ne5) 20... Kxf7 21. Ng5+ Kf6 22. h4 h6 23.
Rf1+ Ke5) (19. Ng5 Rfe8 20. Rd7 Rac8 21. Nf3 Red8 22. Rad1 Kf8 $1 23. Ng5 Ke8
24. Rxd8+ Rxd8 25. Rxd8+ Nxd8 26. Kf2 (26. Nxh7 $6 Nf7 27. Kf2 a4 $1 $15 {><b2}
) 26... h6 $11) 19... Rae8 20. Nb7 Ra8 21. e4 Rf7 $11) (17... Rad8 18. Re1 $5 (
18. b4 Rxd1+ 19. Rxd1 Rd8 20. Rxd8+ Nxd8 $14) 18... a5 19. Bxb6 cxb6 20. Rad1
$14 (20. Ng5 Rd2 21. Rxe6 Rfxf2 22. Nf3 Rxg2+ 23. Kh1 Rde2 24. Rxc6 Rgf2 25.
Re1 Rxe1+ (25... Rxh2+ $13) 26. Nxe1 Rf1+ 27. Kg2 Rxe1 28. Rxb6 Re5 $11)) 18.
Kf1 Rxd1+ 19. Rxd1 Rd8 20. Ra1 Bxe3 21. fxe3 a5 $11 22. Ke2 Rd5 23. Nd2 Kf7 24.
Nf3 Ke7 25. e4 Rd8 26. Ke3 e5 (26... Rb8 $5 27. Nd4 Nxd4 28. Kxd4 a4) 27. h4 b4
(27... Rb8 {/\a4,/\b4}) 28. Rc1 bxc3 29. bxc3 (29. Rxc3 Kd6 (29... Rd6) 30.
Rd3+ Ke7 (30... Kc5 $2 31. Nxe5 $1 $16) 31. Rxd8 Kxd8 32. Ng5 Ke7 33. Nxh7 Nd4
$11) 29... Rb8 30. Nd2 Ke6 31. Rf1 h6 32. Kd3 Ne7 33. Ra1 Rd8+ 34. Ke3 Nc6 35.
Rf1 Na7 36. Nc4 Nc6 37. g3 Rb8 38. Nd2 Rd8 39. Ra1 Rb8 40. Ra3 Rd8 $2 (40...
Rb5 $142) 41. Ke2 $2 (41. Nc4 Rb8 (41... Ra8 42. b4) 42. Nxa5 Nxa5 43. Rxa5
Rxb3 44. Ra6+ $18 {see below}) 41... Rf8 $2 (41... Rb8 42. Nc4 Rb5) 42. Nc4 Rb8
43. Ke3 $2 (43. Nxa5 Nxa5 44. Rxa5 Rxb3 45. Ra6+ Rb6 (45... Ke7 46. Kd3 $18)
46. Rxb6+ cxb6 47. Kd3 Kd6 (47... b5 48. c4 Kd6 49. cxb5 Kc5 50. b6 Kxb6 51.
Kc4 Kc6 52. h5 $18) 48. Kc4 Kc6 (48... h5 49. Kb5 Kc7 50. c4 Kb7 51. c5 $18)
49. h5 b5+ 50. Kb4 Kb6 51. c4 bxc4 52. Kxc4 Kc6 53. g4 $18) 43... Rb5 44. Kd3
Rb8 $2 (44... Ke7 $14) 45. Nxa5 Nxa5 46. Rxa5 Rxb3 47. Ra6+ $18 Ke7 (47... Rb6
48. Rxb6+ cxb6 49. Kc4 Kd6 50. Kb5 Kc7 51. c4 {/\c5+-}) 48. Rc6 Rb7 49. Kc4 Ra7
50. Kd5 Ra5+ 51. Rc5 Ra7 52. Rc6 (52. Kxe5 $18) 52... Ra5+ 53. Kc4 (53. Rc5 $18
) 53... Ra4+ 54. Kd3 Ra7 55. g4 Kf8 56. Kc4 Ra1 57. Kd5 Rg1 58. Rg6 Ra1 59. c4
Rd1+ 60. Kxe5 c5 61. Rc6 Rg1 62. Ke6 Kg8 63. Kf5 h5 64. g5 Kf7 65. e5 Rf1+ 66.
Ke4 Rh1 67. e6+ Kg6 68. Ke5 Rxh4 69. Rc8 Rh1 70. e7 Re1+ 71. Kd6 Kxg5 72. e8=Q
Rxe8 73. Rxe8 h4 74. Kxc5 Kg4 75. Kd4 1-0